Ardiente paciencia
محفوظ في:
| المؤلف الرئيسي: | |
|---|---|
| التنسيق: | كتاب |
| اللغة: | الإسبانية |
| منشور في: |
Buenos Aires
Sudamericana
1996
|
| الطبعة: | 14a. ed |
| سلاسل: | Joven Novela
|
| الموضوعات: | |
| الوسوم: |
إضافة وسم
لا توجد وسوم, كن أول من يضع وسما على هذه التسجيلة!
|
MARC
| LEADER | 00000nam a2200000 a 4500 | ||
|---|---|---|---|
| 001 | UCO6330 | ||
| 003 | CL-VaPUC | ||
| 008 | 001020e19960000AG |||||||||||||||||spa|d | ||
| 020 | |a 9500709473 | ||
| 082 | 0 | 4 | |a Ch863 |b SKA |2 21 |
| 100 | 0 | |a Skármeta, Antonio |e author |9 451042 | |
| 245 | 1 | 0 | |a Ardiente paciencia |
| 250 | |a 14a. ed | ||
| 300 | |a 154 p | ||
| 942 | |c BK | ||
| 945 | |d 20001020 00:00:00 |a vberengu | ||
| 260 | |a Buenos Aires |b Sudamericana |c 1996 | ||
| 650 | 0 | |a Literatura chilena |9 308278 | |
| 650 | 0 | |a Novelas chilenas |9 265425 | |
| 583 | |a last modification |c 20001020 00:00:00 |k Rodrigo Vera | ||
| 490 | 0 | |a Joven Novela | |
| 999 | |c 291943 |d 291941 | ||
| 952 | |0 0 |1 0 |4 0 |6 CH_863_000000000000000_SKA_1996 |7 0 |8 A |9 342288 |a BIBEDU |b BIBEDU |d 2019-11-20 |i 3657825 |o Ch863 SKA 1996 |p 3657825 |r 2019-11-20 |w 2019-11-20 |y BK |k EPE | ||